000 00358 a2200157 4500
001 151706
040 _cEscola São Tomás de Aquino
100 _aGRENIER, Christian
240 1 0 _aO metrônomo mágico
_lpor
245 1 0 _aO metrônomo mágico
300 _a48
362 0 _a2002
440 1 _aScipione
697 _a*LITERATURA INFANTO
942 _cBK
999 _c151706
_d151706